Theology of hope : (Record no. 4530)

MARC details
000 -LEADER
fixed length control field 00627nam a2200193 a 4500
003 - CONTROL NUMBER IDENTIFIER
control field PILC
005 - DATE AND TIME OF LATEST TRANSACTION
control field 20170925090803.0
008 - FIXED-LENGTH DATA ELEMENTS--GENERAL INFORMATION
fixed length control field 060722s1967 xx 00 eng d
010 ## - LIBRARY OF CONGRESS CONTROL NUMBER
LC control number Acc#12195,37891
040 ## - CATALOGING SOURCE
Transcribing agency Philippine Baptist Theological Seminary
050 ## - LIBRARY OF CONGRESS CALL NUMBER
Classification number BT 821.2
Item number M738 1967
100 10 - MAIN ENTRY--PERSONAL NAME
Personal name Moltmann, Jurgen
245 10 - TITLE STATEMENT
Title Theology of hope :
Remainder of title on the ground and implications of a Christian eschatology /
Statement of responsibility, etc. Jurgen Moltmann.
260 0# - PUBLICATION, DISTRIBUTION, ETC (IMPRINT)
Place of publication, distribution, etc. New York, NY :
Name of publisher, distributor, etc. Harper & Row, Publishers,
Date of publication, distribution, etc. c1967.
300 ## - PHYSICAL DESCRIPTION
Extent 342 p. ; 22 cm.
650 ## - SUBJECT ADDED ENTRY--TOPICAL TERM
Topical term or geographic name as entry element ESCHATOLOGY
650 ## - SUBJECT ADDED ENTRY--TOPICAL TERM
Topical term or geographic name as entry element HOPE
General subdivision RELIGIOUS ASPECTS
-- CHRISTIANITY
942 ## - ADDED ENTRY ELEMENTS (KOHA)
Koha item type Circulation Books
Source of classification or shelving scheme Dewey Decimal Classification
Holdings
Withdrawn status Lost status Source of classification or shelving scheme Damaged status Not for loan Home library Current library Shelving location Date acquired Total Checkouts Total Renewals Full call number Barcode Date last seen Date last checked out Price effective from Koha item type
    Dewey Decimal Classification     PBTS Library PBTS Library Circulation Section 07/22/2006 4 6 BT 821.2 M738 1967 12195 03/17/2026 09/22/2017 04/02/2015 Circulation Books
    Dewey Decimal Classification     PBTS Library PBTS Library Circulation Section 01/26/2007 17 8 BT 821.2 M738 1967 37891 03/17/2026 02/05/2026 04/02/2015 Circulation Books

Philippine Baptist Theological Seminary | 19 Tacay Road, Central Guisad, Baguio City 2600, Philippines